La Question de l'identité et des partis régionalistes en Corse / Elisabeth Dupoirier
Descripción Física:
22 p. ; 21 cm
MARC
| LEADER | 00000nam a2200000Ia 4500 | ||
|---|---|---|---|
| 001 | 15296 | ||
| 008 | 160829s2001 xx 000 0 cat d | ||
| 080 | |a FU-36-3 | ||
| 100 | |a Dupoirier, Élisabeth |9 44787 | ||
| 245 | |a La Question de l'identité et des partis régionalistes en Corse / Elisabeth Dupoirier | ||
| 260 | |a Barcelona : |b Institut de Ciències Polítiques i Socials, |c 2001 | ||
| 300 | |a 22 p. ; |c 21 cm | ||
| 490 | |a Working papers / Institut de Ciències Polítiques i Socials ; 190 | ||
| 590 | |a Bibliografia | ||
| 650 | |a Nacionalisme |x Còrsega |9 31845 | ||
| 650 | |a Còrsega |x Política i govern |x S. XX |9 31846 | ||
| 710 | 2 | |a Institut de Ciències Polítiques i Socials (Barcelona, Catalunya) |9 55871 | |
| 901 | |a Arxiu | ||
| 942 | |n 1 | ||
| 952 | |0 0 |1 0 |4 0 |6 FU363 |7 1 |9 45774 |a Arxiu |b Arxiu |d 2016-12-01 |l 0 |o FU-36-3 |p 15296 |r 2016-12-01 00:00:00 |w 2016-12-01 |y ARXIU | ||
| 999 | |c 49274 |d 49274 | ||